000
00321nam a22001337a 4500
008
170524b xxu||||| |||| 00| 0 eng d
020
_a
3341004513
041
_a
GER
080
_a
62
100
_a
26
101
_a
IM
245
_a
MATERIALFLUB INDER FLEXIBLEN AUTIMATISIERTEN PRODUKTION
_c
ROCKSTROH,W
942
_2
udc
_c
BK
999
_c
14062
_d
14062